emails i can't send - Sabrina Carpenter - Statistics

General Stats
  • This quiz has been taken 227 times
  • The average score is 154 of 179
Answer Stats
Hint Answer % Correct
I
100%
I,
100%
a
99%
the
99%
you
99%
You
99%
you,
99%
Outro (You
99%
and
96%
And
96%
like
96%
to
96%
me
95%
no
95%
So
94%
could
93%
it
93%
Verse It's
92%
it's
92%
time
92%
what
92%
when
92%
When
92%
as
91%
At
91%
at
91%
did
91%
in
91%
October
91%
see
91%
were
91%
Were
91%
wish
91%
machine
90%
can't
89%
had
89%
love
89%
lyin'
89%
"us"
89%
us
89%
do,
88%
really
88%
then
88%
these,
88%
times
88%
asleep?
87%
now
87%
Now
87%
There's
87%
family?
86%
out,
86%
out
86%
Don't
84%
For
84%
if
84%
I'm
84%
their
84%
them
84%
trust
84%
wife
84%
you're
84%
blame
83%
calls
83%
disgust
83%
guys
83%
look
83%
make
83%
right
83%
that
83%
10:15,
82%
say
82%
'Cause
81%
even
81%
nice
81%
someone
81%
thanks
81%
they
81%
this
81%
13th
80%
all
80%
find
80%
havin'
80%
I'll
80%
lackin'
80%
mom
80%
sex
80%
sorry
80%
wanna
80%
but
79%
get
79%
they're
79%
up
79%
discuss,
78%
fast
78%
fix
78%
forgiveness
78%
he
78%
"He
78%
let
78%
Please
78%
Read
78%
think
78%
fucks
77%
looked
77%
cuss
76%
every
76%
fuckin'
76%
texts
76%
true
76%
our
75%
such
75%
down?
74%
Scared
74%
lives
73%
night
73%
one
73%
assume
72%
God,
72%
villainize
72%
why'd
72%
dipshit
71%
selfish
71%
forty-five,
69%
comin'"
68%
ugh,
68%
worst
68%
Chicago
65%
mean,
27%
too)
19%
No matching quizzes found
Score Distribution
Percent of People with Each Score
Percentile by Number Answered
Your Score History
You have not taken this quiz